OECD reviews of labour market and social policies: Colombia 2016
Gespeichert in:
| Format: | Buch |
|---|---|
| Sprache: | Englisch |
| Veröffentlicht: |
Paris
OECD
2016
|
| Schriftenreihe: | OECD reviews of labour market and social policies
|
| Schlagworte: | |
| Tags: |
Keine Tags, Fügen Sie das erste Tag hinzu!
|
MARC
| LEADER | 00000nam$a2200000$$$4500 | ||
|---|---|---|---|
| 001 | 0217354 | ||
| 005 | 20240314123341.2 | ||
| 020 | |a 978-92-64-24467-2 | ||
| 041 | 0 | |a eng | |
| 044 | |a FR | ||
| 245 | 1 | 0 | |a OECD reviews of labour market and social policies: Colombia 2016 |
| 264 | 1 | |a Paris |b OECD |c 2016 | |
| 300 | |a 212 s. | ||
| 490 | 1 | |a OECD reviews of labour market and social policies | |
| 830 | 0 | |a OECD reviews of labour market and social policies | |
| 610 | 2 | 0 | |a spoločnosť |
| 610 | 2 | 0 | |a nerovnosť sociálna |
| 610 | 2 | 0 | |a kriminalita |
| 610 | 2 | 0 | |a konflikty |
| 610 | 2 | 0 | |a chudoba |
| 610 | 2 | 0 | |a nezamestnanosť |
| 610 | 2 | 0 | |a trh práce |
| 610 | 2 | 0 | |a politika sociálna |
| 610 | 2 | 0 | |a právo pracovné |
| 610 | 2 | 0 | |a migrácia |
| 610 | 2 | 0 | |a spolupráca medzinárodná |
| 610 | 2 | 0 | |a Kolumbia |